Vytvorenie softvéru pre spracovanie družicových dát adaptívnymi metódami

Na minha lista:
Detalhes bibliográficos
Autor principal: Petrovič, Pavol (Author)
Outros Autores: Krivá, Zuzana (Thesis advisor)
Formato: Manuscrito Livro
Idioma:eslovaco
Publicado em: 2015
Assuntos:
Acesso em linha:http://is.stuba.sk/zp/portal_zp.pl?podrobnosti=111372
https://opac.crzp.sk/?fn=detailBiblioForm&sid=78283B71680DBAF21B46D21D22D4
Tags: Adicionar Tag
Sem tags, seja o primeiro a adicionar uma tag!

MARC

LEADER 00000ntm a22000003a 4500
001 stuzp49806
003 SK-STU
005 20231108143620.3
007 ta
008 150427s2015----xo-----f-mn---000-0-slo-d
040 |a STU  |b slo 
041 0 |a slo 
100 1 |a Petrovič, Pavol  |u 010220  |4 aut  |U SvF Stavebná fakulta  |T SvF Katedra matematiky a deskriptívnej geometrie  |X 64426  |U V220  |Y 23  |7 A000064426 
242 0 1 |a Development of Software for Satellite Data Processing Using Adaptive Methods  |y eng 
245 1 0 |a Vytvorenie softvéru pre spracovanie družicových dát adaptívnymi metódami 
260 |c 2015 
650 4 |a SAR  |2 slo 
650 4 |a Perona-Malik  |2 slo 
650 4 |a spracovanie obrazu  |2 slo 
650 4 |a segmentácia  |2 slo 
650 4 |a detekcia hrán  |2 slo 
650 4 |a SAR  |2 eng 
650 4 |a Image Processing  |2 eng 
650 4 |a Perona-Malik  |2 eng 
650 4 |a Segmentation  |2 eng 
650 4 |a Edge Detection  |2 eng 
700 1 |a Krivá, Zuzana  |4 ths  |X 796  |7 A000000796 
856 4 |u http://is.stuba.sk/zp/portal_zp.pl?podrobnosti=111372 
856 4 |u https://opac.crzp.sk/?fn=detailBiblioForm&sid=78283B71680DBAF21B46D21D22D4 
SQL |a stuzp49806  |b DDP  |c SLO  |d Vytvorenie softvéru pre spracovanie družicových dát adaptívnymi metódami  |e 64426  |f Petrovič, Pavol  |g 010220  |h 796  |i Krivá, Zuzana  |j 20150617  |k 15  |l 01  |m http://is.stuba.sk/zp/portal_zp.pl?podrobnosti=111372  |n I-MPM  |o 9.1.9. aplikovaná matematika